[Event "TOP 16"]
[Site "Guingamp FRA"]
[Date "2010.06.04"]
[Round "9"]
[White "Georgiev, Vladimir"]
[Black "Eljanov, Pavel"]
[Result "1-0"]
[WhiteElo "2575"]
[BlackElo "2736"]
[PlyCount "51"]
[EventDate "2010.03.26"]
[EventType "team"]
[EventRounds "11"]
[EventCountry "FRA"]
[Source "Mark Crowther"]
[SourceDate "2010.06.07"]

1. d4 Nf6 2. c4 e6 3. Nf3 b6 4. Nc3 Bb4 5. e3 Ne4 6. Qc2 Bb7 7. Bd3 f5 8. O-O
Bxc3 9. bxc3 O-O 10. c5 Rf6 11. Ne1 Rh6 12. g3 Rg6 13. c4 Qh4 14. Ng2 Qh3 15.
Nf4 Ng5 16. f3 Bxf3 17. Nxg6 hxg6 18. e4 fxe4 19. Bxg5 exd3 20. Qf2 Be4 21.
Qf7+ Kh7 22. Rf2 Nc6 23. Re1 Qg4 24. Qxd7 bxc5 25. Rf7 Rg8 26. Bf6 1-0

[Event "TOP 16"]
[Site "Guingamp FRA"]
[Date "2010.06.04"]
[Round "9"]
[White "Svidler, Peter"]
[Black "Abergel, Thal"]
[Result "1-0"]
[WhiteElo "2750"]
[BlackElo "2547"]
[PlyCount "83"]
[EventDate "2010.03.26"]
[EventType "team"]
[EventRounds "11"]
[EventCountry "FRA"]
[Source "Mark Crowther"]
[SourceDate "2010.06.07"]

1. e4 c5 2. Nf3 d6 3. d4 cxd4 4. Nxd4 Nf6 5. Nc3 Nc6 6. Bg5 Bd7 7. Qd2 Rc8 8.
Nxc6 Bxc6 9. f3 a6 10. O-O-O e6 11. Kb1 Be7 12. h4 O-O 13. h5 h6 14. Bf4 e5 15.
Be3 Qc7 16. Bd3 Rfe8 17. Rh3 Bd7 18. g4 Qd8 19. Rhh1 Nh7 20. Nd5 Be6 21. Bb6
Qd7 22. Qb4 Bd8 23. Bxd8 Rcxd8 24. Bc4 Ng5 25. Rd3 b5 26. Bb3 Qa7 27. a3 Bxd5
28. Bxd5 Qf2 29. Rhd1 Rc8 30. Bb3 Rc6 31. Ka2 Kh7 32. Rxd6 Rxd6 33. Rxd6 Qxf3
34. Rxa6 Nxe4 35. Qxb5 Re7 36. Qc6 Qxg4 37. Bxf7 Rxf7 38. Qg6+ Qxg6 39. hxg6+
Kg8 40. gxf7+ Kxf7 41. a4 h5 42. a5 1-0

[Event "TOP 16"]
[Site "Guingamp FRA"]
[Date "2010.06.04"]
[Round "9"]
[White "Kogan, Artur"]
[Black "Wirig, Anthony"]
[Result "1-0"]
[WhiteElo "2524"]
[BlackElo "2504"]
[PlyCount "77"]
[EventDate "2010.03.26"]
[EventType "team"]
[EventRounds "11"]
[EventCountry "FRA"]
[Source "Mark Crowther"]
[SourceDate "2010.06.07"]

1. d4 Nf6 2. Nf3 e6 3. c4 d5 4. Nc3 dxc4 5. e4 Bb4 6. Qc2 b5 7. a4 Bb7 8. e5
Nd5 9. axb5 Nb6 10. Be2 a6 11. O-O Qd7 12. bxa6 Rxa6 13. Be3 h6 14. Ne4 Rxa1
15. Rxa1 Bd5 16. Nfd2 Qc6 17. f3 N8d7 18. Rc1 Bxd2 19. Nxd2 O-O 20. b3 c3 21.
Nb1 Rb8 22. Nxc3 Qb7 23. Nb5 Na8 24. Ra1 Qb6 25. f4 c6 26. Nd6 Nc7 27. Bc4 Ne8
28. Ra6 Qd8 29. Bxd5 cxd5 30. f5 Nf8 31. h3 Nxd6 32. exd6 exf5 33. Qxf5 Rxb3
34. Ra7 Qf6 35. Qxf6 gxf6 36. Bxh6 Ne6 37. d7 Rb8 38. Bd2 Nxd4 39. Rc7 1-0

[Event "TOP 16"]
[Site "Guingamp FRA"]
[Date "2010.06.04"]
[Round "9"]
[White "Riff, Jean Noel"]
[Black "Feller, Sebastien"]
[Result "1/2-1/2"]
[WhiteElo "2505"]
[BlackElo "2576"]
[PlyCount "46"]
[EventDate "2010.03.26"]
[EventType "team"]
[EventRounds "11"]
[EventCountry "FRA"]
[Source "Mark Crowther"]
[SourceDate "2010.06.07"]

1. e4 e6 2. d4 d5 3. Nc3 Nf6 4. e5 Nfd7 5. f4 c5 6. Nf3 Nc6 7. Be3 cxd4 8. Nxd4
Bc5 9. Qd2 O-O 10. O-O-O a6 11. Qf2 Bxd4 12. Bxd4 b5 13. Be3 b4 14. Na4 a5 15.
h4 Ba6 16. h5 Qc7 17. h6 g6 18. Kb1 Bxf1 19. Rhxf1 f5 20. exf6 Nxf6 21. Qh4 Ne4
22. Nc5 Nxc5 23. Bxc5 Rf5 1/2-1/2

[Event "TOP 16"]
[Site "Guingamp FRA"]
[Date "2010.06.04"]
[Round "9"]
[White "Chabanon, Jean Luc"]
[Black "Bricard, Emmanuel"]
[Result "0-1"]
[WhiteElo "2455"]
[BlackElo "2488"]
[PlyCount "110"]
[EventDate "2010.03.26"]
[EventType "team"]
[EventRounds "11"]
[EventCountry "FRA"]
[Source "Mark Crowther"]
[SourceDate "2010.06.07"]

1. d4 e6 2. c4 f5 3. g3 Nf6 4. Bg2 c6 5. Qc2 d5 6. Nh3 Bd6 7. O-O O-O 8. Rd1 b6
9. f3 Qe7 10. Nf2 c5 11. cxd5 exd5 12. Nc3 Nc6 13. Nb5 Nxd4 14. Nxd4 cxd4 15.
b3 f4 16. Bxf4 Bxf4 17. gxf4 Nh5 18. Rxd4 Nxf4 19. Bf1 Ba6 20. e3 Qxe3 21. Rxf4
Rxf4 22. Bxa6 Rxf3 23. Bb7 Qg5+ 24. Kh1 Raf8 25. Rg1 Qh5 26. Ng4 Rf1 27. Qg2
Rxg1+ 28. Kxg1 d4 29. Qd5+ Qxd5 30. Bxd5+ Kh8 31. Nf2 g5 32. Bc4 Kg7 33. Kf1 h5
34. Ke2 g4 35. Ne4 Rf3 36. Nf2 Kf6 37. Bd5 Re3+ 38. Kd2 Kg5 39. Bg2 Kh4 40. Nd3
Kg5 41. Nf2 h4 42. Ne4+ Kf5 43. Nd6+ Kf4 44. Nb5 h3 45. Bh1 Re4 46. Nxa7 d3 47.
Kxd3 Re1 48. Ba8 Ra1 49. a4 Ra2 50. Nc8 Rxh2 51. Nxb6 g3 52. Nd5+ Ke5 53. Nc3
g2 54. Ne2 Rh1 55. a5 Re1 0-1

[Event "TOP 16"]
[Site "Guingamp FRA"]
[Date "2010.06.04"]
[Round "9"]
[White "Netzer, Jacques"]
[Black "Relange, Eloi"]
[Result "0-1"]
[WhiteElo "2215"]
[BlackElo "2455"]
[PlyCount "84"]
[EventDate "2010.03.26"]
[EventType "team"]
[EventRounds "11"]
[EventCountry "FRA"]
[Source "Mark Crowther"]
[SourceDate "2010.06.07"]

1. e4 c5 2. Nf3 d6 3. d4 cxd4 4. Nxd4 Nf6 5. Nc3 a6 6. Be2 e6 7. O-O Be7 8. f4
Nc6 9. Be3 O-O 10. Kh1 Bd7 11. a4 Qc7 12. Nb3 Na5 13. e5 Ne8 14. Nxa5 Qxa5 15.
Ne4 Qc7 16. a5 Rc8 17. Nc3 Bc6 18. Bb6 Qb8 19. Qd4 Bd8 20. Rad1 Bc7 21. Bxc7
Rxc7 22. Bf3 dxe5 23. Qxe5 Qc8 24. Qd4 Nf6 25. Bxc6 Rxc6 26. Rf3 h5 27. Rfd3
Rc4 28. Qb6 Rxf4 29. Ne2 Re4 30. Rd8 Qc6 31. Nc3 Qxb6 32. axb6 Rb4 33. Rxf8+
Kxf8 34. Rd8+ Ke7 35. Rb8 Rxb6 36. Na4 Rb4 37. Nc5 Rxb2 38. Rxb7+ Rxb7 39. Nxb7
Ne4 40. g3 g5 41. Kg2 g4 42. h3 f5 0-1

[Event "TOP 16"]
[Site "Guingamp FRA"]
[Date "2010.06.04"]
[Round "9"]
[White "Milliet, Sophie"]
[Black "Richard, Emma"]
[Result "1-0"]
[WhiteElo "2391"]
[BlackElo "2116"]
[PlyCount "73"]
[EventDate "2010.03.26"]
[EventType "team"]
[EventRounds "11"]
[EventCountry "FRA"]
[Source "Mark Crowther"]
[SourceDate "2010.06.07"]

1. e4 c5 2. Nf3 Nc6 3. Nc3 d6 4. d4 cxd4 5. Nxd4 e5 6. Nf3 Nf6 7. Bc4 Be7 8.
Bg5 Be6 9. Bb3 O-O 10. Bxf6 Bxf6 11. O-O Rc8 12. Nd5 Ne7 13. c3 Ng6 14. Qd2 Qd7
15. Nxf6+ gxf6 16. Qh6 Bc4 17. Rfe1 Rfd8 18. Nh4 Nxh4 19. Qxh4 Qe7 20. Re3 Kf8
21. Qxh7 Ke8 22. Rd1 Bxb3 23. axb3 Qe6 24. c4 Ke7 25. Qh5 Rh8 26. Qf3 Rh4 27.
Red3 Rc6 28. Rd5 Qg4 29. Qxg4 Rxg4 30. f3 Rg8 31. g4 Rb6 32. R1d3 Rc8 33. h4
Rcc6 34. Kf2 Rb4 35. h5 Rcb6 36. h6 Kf8 37. c5 1-0

[Event "TOP 16"]
[Site "Guingamp FRA"]
[Date "2010.06.04"]
[Round "9"]
[White "Fressinet, Laurent"]
[Black "Degraeve, Jean Marc"]
[Result "1-0"]
[WhiteElo "2670"]
[BlackElo "2563"]
[PlyCount "131"]
[EventDate "2010.03.26"]
[EventType "team"]
[EventRounds "11"]
[EventCountry "FRA"]
[Source "Mark Crowther"]
[SourceDate "2010.06.07"]

1. d4 d5 2. c4 c5 3. cxd5 Qxd5 4. Nf3 cxd4 5. Nc3 Qa5 6. Nxd4 Nf6 7. g3 e5 8.
Nb3 Qc7 9. Bg5 Bb4 10. Bxf6 Bxc3+ 11. bxc3 gxf6 12. Qd3 Qc6 13. Rd1 O-O 14. Rg1
Qa6 15. Bg2 Kg7 16. Nc5 Qxd3 17. exd3 Nc6 18. Rb1 Nd8 19. Kd2 Rb8 20. Na6 Ra8
21. Nc7 Rb8 22. Na6 Ra8 23. f4 h5 24. Nc7 Rb8 25. Na6 Ra8 26. Rge1 exf4 27. Nc7
Rb8 28. Na6 Ra8 29. gxf4 Rg8 30. Nc7 Rb8 31. Na6 Ra8 32. Nc7 Rb8 33. Re8 f5 34.
Rxg8+ Kxg8 35. Na6 Ra8 36. Nc7 Rb8 37. Na6 Ra8 38. d4 Kf8 39. Nc7 Rb8 40. Na6
Ra8 41. a4 h4 42. Nc7 Rb8 43. Na6 Ra8 44. c4 Be6 45. c5 Bc4 46. Nc7 Rc8 47. Nb5
Bxb5 48. Rxb5 Rc7 49. Kd3 b6 50. Bd5 Ne6 51. Bxe6 fxe6 52. cxb6 axb6 53. Rxb6
Ra7 54. Rxe6 Rxa4 55. Re5 Ra3+ 56. Kc4 Ra2 57. h3 Ra3 58. d5 Rxh3 59. d6 Ra3
60. d7 Ra8 61. Kd5 h3 62. Ke6 h2 63. Rxf5+ Kg7 64. Rh5 Ra6+ 65. Ke7 Rh6 66.
Rxh6 1-0

[Event "TOP 16"]
[Site "Guingamp FRA"]
[Date "2010.06.04"]
[Round "9"]
[White "Bartel, Mateusz"]
[Black "Maze, Sebastien"]
[Result "1/2-1/2"]
[WhiteElo "2634"]
[BlackElo "2554"]
[PlyCount "45"]
[EventDate "2010.03.26"]
[EventType "team"]
[EventRounds "11"]
[EventCountry "FRA"]
[Source "Mark Crowther"]
[SourceDate "2010.06.07"]

1. c4 Nf6 2. Nc3 g6 3. d4 Bg7 4. e4 d6 5. f4 O-O 6. Nf3 c5 7. dxc5 dxc5 8. Qxd8
Rxd8 9. e5 Ne8 10. Be3 b6 11. g3 Bb7 12. Bg2 Nc7 13. Kf2 Nc6 14. Rhd1 f6 15.
exf6 exf6 16. f5 Nb4 17. Ne1 Bxg2 18. Kxg2 gxf5 19. a3 Nc6 20. Rab1 Ne6 21. Nd5
Kf7 22. Nf3 Ne5 23. Nxe5+ 1/2-1/2

[Event "TOP 16"]
[Site "Guingamp FRA"]
[Date "2010.06.04"]
[Round "9"]
[White "Pelletier, Yannick"]
[Black "Gozzoli, Yannick"]
[Result "1-0"]
[WhiteElo "2611"]
[BlackElo "2515"]
[PlyCount "81"]
[EventDate "2010.03.26"]
[EventType "team"]
[EventRounds "11"]
[EventCountry "FRA"]
[Source "Mark Crowther"]
[SourceDate "2010.06.07"]

1. c4 Nf6 2. Nc3 e5 3. Nf3 Nc6 4. g3 d5 5. cxd5 Nxd5 6. Bg2 Nb6 7. a3 Be7 8. b4
Be6 9. O-O O-O 10. Rb1 f6 11. d3 a5 12. b5 Nd4 13. Nd2 Nd5 14. Bxd5 Bxd5 15. e3
Bf7 16. exd4 Qxd4 17. Nde4 f5 18. Ne2 Qd7 19. N4c3 Rad8 20. Bb2 Bh5 21. f3 Qxd3
22. Qxd3 Rxd3 23. Kg2 Bf6 24. Rbd1 Rfd8 25. Rxd3 Rxd3 26. Nc1 Rd6 27. Rf2 b6
28. g4 fxg4 29. fxg4 Bg6 30. N1e2 e4 31. Nf4 e3 32. Re2 Bxc3 33. Bxc3 Be4+ 34.
Kg3 g5 35. Nh5 Bd3 36. Rxe3 Bxb5 37. Rf3 Rd3 38. Nf6+ Kf7 39. Nxh7+ Rxf3+ 40.
Kxf3 Bc6+ 41. Ke3 1-0

[Event "TOP 16"]
[Site "Guingamp FRA"]
[Date "2010.06.04"]
[Round "9"]
[White "Miton, Kamil"]
[Black "Skripchenko, Almira"]
[Result "1-0"]
[WhiteElo "2581"]
[BlackElo "2456"]
[PlyCount "42"]
[EventDate "2010.03.26"]
[EventType "team"]
[EventRounds "11"]
[EventCountry "FRA"]
[Source "Mark Crowther"]
[SourceDate "2010.06.07"]

1. d4 d6 2. Nf3 Bg4 3. e4 Nd7 4. Be3 Ngf6 5. Nbd2 e6 6. Bd3 Be7 7. c3 Bh5 8.
Qc2 Bg6 9. h3 c5 10. dxc5 Nxc5 11. Bxc5 dxc5 12. Bb5+ Kf8 13. O-O Qc7 14. Rfe1
h5 15. a4 h4 16. a5 a6 17. Bd3 Rd8 18. Nc4 Nh5 19. Nfe5 Bh7 20. Bf1 f6 21. Nf3
g5 1-0

[Event "TOP 16"]
[Site "Guingamp FRA"]
[Date "2010.06.04"]
[Round "9"]
[White "Lagarde, Maxime"]
[Black "Marzolo, Cyril"]
[Result "1-0"]
[WhiteElo "2412"]
[BlackElo "2470"]
[PlyCount "57"]
[EventDate "2010.03.26"]
[EventType "team"]
[EventRounds "11"]
[EventCountry "FRA"]
[Source "Mark Crowther"]
[SourceDate "2010.06.07"]

1. e4 e6 2. d4 d5 3. Nc3 Nf6 4. e5 Nfd7 5. f4 a6 6. Nf3 c5 7. Ne2 Nb6 8. dxc5
Bxc5 9. Ned4 Bd7 10. Bd3 Nc6 11. c3 Rc8 12. O-O g6 13. Kh1 h5 14. b3 Rc7 15.
Be3 Ne7 16. a4 Nf5 17. Bxf5 gxf5 18. Nxf5 Bxe3 19. Nxe3 Rxc3 20. Qd4 Rxb3 21.
Nd2 Rxe3 22. Qxe3 Bxa4 23. f5 Bc2 24. fxe6 fxe6 25. Rf6 Bf5 26. Qg5 Kd7 27. Rc1
Qe8 28. Rxf5 exf5 29. Qg7+ 1-0

[Event "TOP 16"]
[Site "Guingamp FRA"]
[Date "2010.06.04"]
[Round "9"]
[White "Delorme, Laurie"]
[Black "Pujos, Stephane"]
[Result "0-1"]
[WhiteElo "2226"]
[BlackElo "2301"]
[PlyCount "70"]
[EventDate "2010.03.26"]
[EventType "team"]
[EventRounds "11"]
[EventCountry "FRA"]
[Source "Mark Crowther"]
[SourceDate "2010.06.07"]

1. d4 Nf6 2. c4 g6 3. Nc3 d5 4. Nf3 Bg7 5. Qb3 dxc4 6. Qxc4 O-O 7. e4 Nfd7 8.
Be3 Nb6 9. Qb3 Bg4 10. Rd1 N8d7 11. a4 Qb8 12. a5 Nc8 13. Be2 b6 14. a6 c5 15.
Nd5 cxd4 16. Bf4 e5 17. Nxd4 Bxe2 18. Kxe2 exf4 19. Nc6 Nc5 20. Qa3 Qd6 21.
Nce7+ Qxe7 22. Nxe7+ Nxe7 23. f3 Nc6 24. b4 Ne6 25. Rd2 Rfc8 26. g3 Bh6 27. g4
Ne5 28. Rc1 Nc4 29. Qc3 b5 30. Rd3 Bg7 31. Qc2 Nd4+ 32. Rxd4 Bxd4 33. Qb3 Rc6
34. Rd1 Rd8 35. Qa2 Rdd6 0-1

[Event "TOP 16"]
[Site "Guingamp FRA"]
[Date "2010.06.04"]
[Round "9"]
[White "Van Wely, Loek"]
[Black "Adla, Diego Gustavo"]
[Result "1-0"]
[WhiteElo "2639"]
[BlackElo "2505"]
[PlyCount "81"]
[EventDate "2010.03.26"]
[EventType "team"]
[EventRounds "11"]
[EventCountry "FRA"]
[Source "Mark Crowther"]
[SourceDate "2010.06.07"]

1. d4 Nf6 2. c4 g6 3. Nc3 d5 4. cxd5 Nxd5 5. e4 Nxc3 6. bxc3 Bg7 7. Bg5 c5 8.
Rc1 cxd4 9. cxd4 O-O 10. Nf3 Bg4 11. d5 h6 12. Be3 Nd7 13. Be2 Qa5+ 14. Qd2 Qa4
15. Rc4 Qa3 16. O-O Rfc8 17. Qc1 Qxc1 18. Rfxc1 Nb6 19. Rc7 Na4 20. Rxe7 Rxc1+
21. Bxc1 Nc3 22. Bf1 Nxa2 23. Bf4 g5 24. Bg3 a5 25. Ne5 Bh5 26. d6 Bf8 27. Rxb7
Bxd6 28. Nxf7 Bxf7 29. Bxd6 Nc3 30. f3 a4 31. Be5 Na2 32. Rxf7 Kxf7 33. Bc4+
Kg6 34. Bxa2 Rc8 35. h4 a3 36. Kh2 Rc2 37. Bg8 gxh4 38. f4 a2 39. f5+ Kg5 40.
f6 Kg6 41. Bd5 1-0

[Event "TOP 16"]
[Site "Guingamp FRA"]
[Date "2010.06.04"]
[Round "9"]
[White "Housieaux, David"]
[Black "Giri, Anish"]
[Result "0-1"]
[WhiteElo "2431"]
[BlackElo "2624"]
[PlyCount "70"]
[EventDate "2010.03.26"]
[EventType "team"]
[EventRounds "11"]
[EventCountry "FRA"]
[Source "Mark Crowther"]
[SourceDate "2010.06.07"]

1. d4 Nf6 2. c4 e6 3. Nc3 Bb4 4. Nf3 b6 5. Bg5 Bb7 6. e3 h6 7. Bh4 g5 8. Bg3
Ne4 9. Qd3 d6 10. Nd2 Bxc3 11. bxc3 Nxg3 12. hxg3 Nd7 13. g4 Qe7 14. a4 a5 15.
Rh2 e5 16. Qf5 Nf6 17. Be2 e4 18. Qb5+ Kf8 19. Nf1 Bc8 20. f4 Bd7 21. Qb1 gxf4
22. g5 Nh7 23. Rxh6 fxe3 24. g6 fxg6 25. Rxg6 Ng5 26. Nxe3 Rh1+ 27. Bf1 Qf7 28.
Rxg5 Qf4 29. Ke2 Qxg5 30. Qxe4 Re8 31. Qf3+ Kg7 32. Kd3 Rh6 33. Re1 Rf6 34. Qd5
Rf5 35. Qb7 Rf2 0-1

[Event "TOP 16"]
[Site "Guingamp FRA"]
[Date "2010.06.04"]
[Round "9"]
[White "Edouard, Romain"]
[Black "Nguyen Chi Minh"]
[Result "1/2-1/2"]
[WhiteElo "2617"]
[BlackElo "2439"]
[PlyCount "103"]
[EventDate "2010.03.26"]
[EventType "team"]
[EventRounds "11"]
[EventCountry "FRA"]
[Source "Mark Crowther"]
[SourceDate "2010.06.07"]

1. Nf3 Nf6 2. d4 e6 3. c4 b6 4. g3 Bb7 5. Bg2 Bb4+ 6. Bd2 c5 7. Bxb4 cxb4 8.
O-O O-O 9. Qd3 Be4 10. Qe3 Nc6 11. Nbd2 d5 12. Nxe4 dxe4 13. Ne5 Nxd4 14. Rfd1
Qc7 15. Bxe4 Nf5 16. Qf4 Nxe4 17. Qxe4 Rad8 18. b3 Rd6 19. Rd3 Rxd3 20. Nxd3 a5
21. Rc1 Ne7 22. Qe5 Qxe5 23. Nxe5 Rd8 24. Kf1 f6 25. Nd3 Nc6 26. Ke1 Kf7 27.
Nb2 Nb8 28. c5 Rc8 29. Na4 bxc5 30. Rxc5 Rxc5 31. Nxc5 Ke7 32. Kd2 Nc6 33. Nb7
Kd7 34. Kd3 Kc7 35. Nc5 Nd8 36. Kc4 Kc6 37. f4 e5 38. e4 Nf7 39. Ne6 g5 40. f5
h5 41. h3 Nd6+ 42. Kd3 Ne8 43. Nd8+ Kc7 44. Ne6+ Kc6 45. Nf8 Kd6 46. Ng6 Kc5
47. Ke3 Kd6 48. Kd3 Kc5 49. Nf8 Kd6 50. Kc4 Kc6 51. Ne6 Nd6+ 52. Kd3 1/2-1/2

[Event "TOP 16"]
[Site "Guingamp FRA"]
[Date "2010.06.04"]
[Round "9"]
[White "Aguettaz, Maxime"]
[Black "Smirin, Ilia"]
[Result "1/2-1/2"]
[WhiteElo "2389"]
[BlackElo "2647"]
[PlyCount "56"]
[EventDate "2010.03.26"]
[EventType "team"]
[EventRounds "11"]
[EventCountry "FRA"]
[Source "Mark Crowther"]
[SourceDate "2010.06.07"]

1. Nf3 Nf6 2. g3 g6 3. b4 Bg7 4. Bb2 O-O 5. Bg2 d6 6. O-O e5 7. d3 a5 8. b5 a4
9. c4 Nbd7 10. Nbd2 Nc5 11. Rb1 Re8 12. Ng5 Bf5 13. Nge4 Nfxe4 14. Nxe4 Nxe4
15. Bxe4 Bxe4 16. dxe4 Qd7 17. Qd5 c6 18. bxc6 bxc6 19. Qd3 Bf8 20. Ba3 Qc7 21.
Rfd1 Red8 22. Kg2 Rab8 23. Rxb8 Rxb8 24. Bxd6 Bxd6 25. Qxd6 Qxd6 26. Rxd6 Rb2
27. Rxc6 Rxe2 28. Ra6 Rxa2 1/2-1/2

[Event "TOP 16"]
[Site "Guingamp FRA"]
[Date "2010.06.04"]
[Round "9"]
[White "Sebag, Marie"]
[Black "Jens, J."]
[Result "1/2-1/2"]
[WhiteElo "2506"]
[BlackElo "2369"]
[PlyCount "81"]
[EventDate "2010.03.26"]
[EventType "team"]
[EventRounds "11"]
[EventCountry "FRA"]
[Source "Mark Crowther"]
[SourceDate "2010.06.07"]

1. e4 e5 2. Nf3 Nc6 3. Bb5 Nf6 4. O-O Nxe4 5. d4 Nd6 6. Bxc6 dxc6 7. dxe5 Nf5
8. Qxd8+ Kxd8 9. Nc3 Ne7 10. h3 h6 11. b3 Ng6 12. Bb2 a5 13. Rad1+ Ke8 14. a4
Nf4 15. Bc1 Ne6 16. Ne2 b6 17. Nfd4 Bd7 18. f4 Nxd4 19. Nxd4 Bc5 20. f5 g6 21.
fxg6 fxg6 22. Be3 Bxd4 23. Rxd4 Bf5 24. Rc4 c5 25. g4 Be6 26. Rcf4 Ke7 27. Rf6
Rag8 28. g5 h5 29. h4 Rg7 30. Rd1 Rc8 31. Bf4 Rgg8 32. Kf2 Rcf8 33. Ke3 Rc8 34.
Kf2 Rcf8 35. Ke3 Rc8 36. Rd2 Rce8 37. Kf2 Ref8 38. Ke1 Rc8 39. Kf2 Rcf8 40. Ke3
Rc8 41. Kf2 1/2-1/2

[Event "TOP 16"]
[Site "Guingamp FRA"]
[Date "2010.06.04"]
[Round "9"]
[White "Clery, Nicolas"]
[Black "Cossin, Sebastien"]
[Result "1/2-1/2"]
[WhiteElo "2391"]
[BlackElo "2497"]
[PlyCount "43"]
[EventDate "2010.03.26"]
[EventType "team"]
[EventRounds "11"]
[EventCountry "FRA"]
[Source "Mark Crowther"]
[SourceDate "2010.06.07"]

1. d4 Nf6 2. c4 e6 3. Nf3 d5 4. Nc3 c6 5. e3 Nbd7 6. Qc2 Bd6 7. Bd3 O-O 8. O-O
Qe7 9. c5 Bc7 10. e4 dxe4 11. Nxe4 Nxe4 12. Bxe4 h6 13. Re1 Nf6 14. Bd3 b6 15.
Bd2 bxc5 16. Rac1 Rd8 17. dxc5 a5 18. g3 Ba6 19. Bxa6 Rxa6 20. Bc3 Rd5 21. Be5
Ra8 22. Qa4 1/2-1/2

[Event "TOP 16"]
[Site "Guingamp FRA"]
[Date "2010.06.04"]
[Round "9"]
[White "Apicella, Manuel"]
[Black "Van Heirzeele, Daniel"]
[Result "1-0"]
[WhiteElo "2523"]
[BlackElo "2125"]
[PlyCount "63"]
[EventDate "2010.03.26"]
[EventType "team"]
[EventRounds "11"]
[EventCountry "FRA"]
[Source "Mark Crowther"]
[SourceDate "2010.06.07"]

1. e4 c5 2. Nf3 d6 3. d4 cxd4 4. Nxd4 Nf6 5. Nc3 g6 6. Be2 Bg7 7. O-O Nc6 8.
Nb3 O-O 9. Bg5 a6 10. Re1 b5 11. Bf1 h6 12. Bh4 e6 13. a3 Qc7 14. Qd2 Kh7 15.
Rad1 Rd8 16. f4 Bb7 17. h3 Ne7 18. Qf2 d5 19. e5 Ne4 20. Nxe4 dxe4 21. Qc5 Nc6
22. Bxd8 Rxd8 23. Rxd8 Qxd8 24. Rxe4 g5 25. Bd3 Kg8 26. fxg5 hxg5 27. Qe3 Qc7
28. Qxg5 Nxe5 29. Rd4 Nxd3 30. Rxd3 Be4 31. Rd8+ Kh7 32. Qh4+ 1-0

[Event "TOP 16"]
[Site "Guingamp FRA"]
[Date "2010.06.04"]
[Round "9"]
[White "Assad, Karine"]
[Black "Mancini, Mario"]
[Result "1-0"]
[WhiteElo "2056"]
[BlackElo "2260"]
[PlyCount "118"]
[EventDate "2010.03.26"]
[EventType "team"]
[EventRounds "11"]
[EventCountry "FRA"]
[Source "Mark Crowther"]
[SourceDate "2010.06.07"]

1. d4 Nf6 2. c4 e6 3. Nf3 b6 4. g3 Ba6 5. Qc2 Bb7 6. Nbd2 c5 7. e4 cxd4 8. Nxd4
Bc5 9. N4b3 Be7 10. Bg2 Nc6 11. a3 d6 12. O-O O-O 13. Nf3 Rc8 14. Rd1 Qc7 15.
Bf4 Ne5 16. Bxe5 dxe5 17. Nbd2 Nd7 18. Rac1 Nb8 19. b4 Rfd8 20. Qb2 Bf6 21. c5
b5 22. Qc2 Nc6 23. Nb3 h6 24. h3 a6 25. Rxd8+ Rxd8 26. Rd1 Nd4 27. Nfxd4 exd4
28. Na5 Ba8 29. Qd3 e5 30. h4 Rb8 31. Bh3 Bd8 32. Nb3 Qe7 33. Bg2 Bc7 34. Bh3
Bc6 35. Qe2 Rd8 36. Nc1 a5 37. Nd3 axb4 38. axb4 Ra8 39. Bg2 Qe6 40. Kh2 Ra3
41. Rd2 Bd7 42. Bf1 g6 43. f3 h5 44. Bg2 Qb3 45. Bh3 Bc6 46. Qd1 Qc3 47. Qe2
Kg7 48. Rd1 Qb3 49. Rd2 Ra1 50. Rb2 Qa4 51. Kg2 Qa8 52. Kf2 Ra3 53. g4 hxg4 54.
Bxg4 Qd8 55. Kg2 Qxh4 56. Nf2 Re3 57. Qc2 f5 58. exf5 d3 59. Qd2 Re2 1-0

[Event "TOP 16"]
[Site "Guingamp FRA"]
[Date "2010.06.04"]
[Round "9"]
[White "Postny, Evgeny"]
[Black "Bauer, Christian"]
[Result "1/2-1/2"]
[WhiteElo "2641"]
[BlackElo "2607"]
[PlyCount "63"]
[EventDate "2010.03.26"]
[EventType "team"]
[EventRounds "11"]
[EventCountry "FRA"]
[Source "Mark Crowther"]
[SourceDate "2010.06.07"]

1. d4 e6 2. c4 Bb4+ 3. Bd2 a5 4. Nf3 d6 5. Nc3 f5 6. g3 Nf6 7. Bg2 O-O 8. O-O
Nc6 9. a3 Bxc3 10. Bxc3 Ne4 11. Be1 Qf6 12. e3 e5 13. b4 exd4 14. Nxd4 axb4 15.
axb4 Rxa1 16. Qxa1 Nxd4 17. Qxd4 Qxd4 18. exd4 b5 19. f3 Nf6 20. cxb5 Bd7 21.
b6 cxb6 22. Bd2 Nd5 23. Rc1 Rc8 24. Rxc8+ Bxc8 25. Bf1 Kf7 26. Kf2 Bd7 27. Be2
b5 28. h3 h6 29. g4 f4 30. h4 g5 31. hxg5 hxg5 32. Bd3 1/2-1/2

[Event "TOP 16"]
[Site "Guingamp FRA"]
[Date "2010.06.04"]
[Round "9"]
[White "Brunner, Nicolas"]
[Black "Iordachescu, Viorel"]
[Result "1-0"]
[WhiteElo "2420"]
[BlackElo "2608"]
[PlyCount "81"]
[EventDate "2010.03.26"]
[EventType "team"]
[EventRounds "11"]
[EventCountry "FRA"]
[Source "Mark Crowther"]
[SourceDate "2010.06.07"]

1. d4 Nf6 2. c4 e6 3. Nc3 c5 4. d5 exd5 5. cxd5 d6 6. e4 g6 7. f4 Bg7 8. Bb5+
Nfd7 9. a4 Na6 10. Nf3 Nb4 11. O-O O-O 12. Re1 a6 13. Bf1 Nf6 14. h3 b6 15. Bc4
Bb7 16. f5 Nd7 17. Bg5 Bf6 18. h4 Re8 19. Qd2 Ne5 20. Nxe5 Rxe5 21. Rf1 Bxg5
22. hxg5 Bc8 23. Rf3 gxf5 24. Raf1 f6 25. Rg3 fxg5 26. Rxg5+ Kh8 27. exf5 Qf6
28. Qf4 Bd7 29. Rh5 Rg8 30. Ne4 Rxe4 31. Qxe4 b5 32. axb5 axb5 33. Bb3 c4 34.
Bd1 Nd3 35. b3 Be8 36. Rh3 Nc5 37. Qh4 Qxh4 38. Rxh4 cxb3 39. Rh6 Ne4 40. Re1
Nd2 41. Re7 1-0

[Event "TOP 16"]
[Site "Guingamp FRA"]
[Date "2010.06.04"]
[Round "9"]
[White "Svetushkin, Dmitry"]
[Black "Paci, Cedric"]
[Result "1-0"]
[WhiteElo "2554"]
[BlackElo "2345"]
[PlyCount "45"]
[EventDate "2010.03.26"]
[EventType "team"]
[EventRounds "11"]
[EventCountry "FRA"]
[Source "Mark Crowther"]
[SourceDate "2010.06.07"]

1. d4 d6 2. e4 Nf6 3. f3 d5 4. e5 Ng8 5. c4 e6 6. Nc3 dxc4 7. Bxc4 c5 8. Nge2
Nc6 9. Be3 cxd4 10. Nxd4 Nxe5 11. Bb5+ Bd7 12. Qb3 Nf6 13. O-O-O Bc5 14. Kb1
Qe7 15. Bg5 O-O-O 16. Bf4 Ng6 17. Bg3 e5 18. Bxd7+ Qxd7 19. Qc4 exd4 20. Qxc5+
Qc6 21. Qxa7 Nd5 22. Nxd5 Qxd5 23. Rxd4 1-0

[Event "TOP 16"]
[Site "Guingamp FRA"]
[Date "2010.06.04"]
[Round "9"]
[White "Genzling, Alain"]
[Black "Koch, Jean Rene"]
[Result "1/2-1/2"]
[WhiteElo "2398"]
[BlackElo "2470"]
[PlyCount "81"]
[EventDate "2010.03.26"]
[EventType "team"]
[EventRounds "11"]
[EventCountry "FRA"]
[Source "Mark Crowther"]
[SourceDate "2010.06.07"]

1. e4 c5 2. Nf3 d6 3. Bb5+ Nd7 4. d4 Ngf6 5. Nc3 a6 6. Bxd7+ Nxd7 7. a4 e6 8.
Bg5 Qc7 9. d5 e5 10. Nd2 f6 11. Be3 b6 12. O-O Be7 13. Nc4 O-O 14. Qd3 Bb7 15.
b3 Rab8 16. Na3 Qc8 17. Ne2 Rf7 18. c4 Nf8 19. Ng3 g6 20. f4 exf4 21. Bxf4 Nd7
22. Nc2 Bf8 23. Ne1 Qe8 24. Nf3 Qe7 25. Qd2 Bg7 26. Rac1 Bc8 27. Nh4 Ne5 28.
Nf3 Rb7 29. Nxe5 fxe5 30. Bg5 Qf8 31. Rxf7 Rxf7 32. Rf1 Rxf1+ 33. Nxf1 h6 34.
Bh4 Bd7 35. Qf2 g5 36. Qxf8+ Bxf8 37. Be1 Kf7 38. Ne3 h5 39. g4 h4 40. h3 a5
41. Kg2 1/2-1/2